01335nam a2200277 a 4500001001500000005001700015008004100032020003600073020003000109040000600139050001200145082001300157100002100170245009600191250001200287260003900299300002100338490005100359520034400410650002800754830005100782856008200833942001200915999001700927952011300944ASIN061874937320170105102902.0131011s2007 xxu eng d a0618749373 (paperback)c$117.95 a9780618749379 (paperback) a004aDS557.704a959.70431 aMcMahon, Robert.10aMajor problems in the history of the vietnam war :bdocuments and essays /cRobert McMahon. a4th ed. a[S.l.] :bCengage Learning,c2007. a568 p. ;c24 cm.1 aMajor problems in american history (wadsworth) aDesigned to encourage critical thinking about history, the Major Problems in American History series introduces students to both primary sources and analytical essays on important topics in U.S. history. Major Problems in the History of the Vietnam War incorporates new research expands its coverage of the experiences of average soldiers. 0aVietnam War (1961-1975) 0aMajor problems in american history (wadsworth)403Amazon.comuhttp://www.amazon.com/exec/obidos/ASIN/0618749373/chopaconline-20 2ddccBK c14680d14680 001040708NFICaCIPSbCIPScGENd2013-09-13l0o959.7043 MAJ 2008pCIPS0000870r2013-10-11w2013-10-11yBK